000 00258nas a22001097a 4500
999 _c523483
_d523483
022 _a2226-0102
082 _a658.406
245 _aJournal for development and leadership
260 _aEstren Cape
_bCADAR Printers
_cJune 2016
300 _a22 cm
942 _cCR